| 000 | 01017nam a22002297a 4500 | ||
|---|---|---|---|
| 001 | 8637 | ||
| 003 | FISKH | ||
| 005 | 20251007113209.0 | ||
| 008 | 251007b cb ||||| |||| 00| 0 eng d | ||
| 020 | _a087577005201 | ||
| 040 |
_aFISKH _beng _cFISKH _dFISKH |
||
| 050 | _aPZ7 | ||
| 082 | _a398.8. | ||
| 100 | _aOng, Cristina | ||
| 245 |
_aSing or say best-loved nursery rhymes : _bThe enchanting book your child will read and return to... time and time again / |
||
| 260 |
_aOhio : _bLandoll, _c1993. |
||
| 300 |
_a20 unnumbered pages : _bcolor illustrations ; _c29 cm |
||
| 520 | _aCapture the universal spendor of a child's imaginative world with Landoll's new four volume set of "Best-Loved Nursery Rhymes." Each original, creatively designed book is filled with familiar and entertaining rhymes. Your child will enjoy the cure, whimsical art that adorns every page and enchances each witty, clever rhymes. | ||
| 650 |
_aNursery Rhymes _vEarly Childhood _xPicture Book |
||
| 942 |
_2ddc _cBK _n0 |
||
| 999 |
_c8637 _d8637 |
||